Science Quiz

Random Science or Clickable Quiz

Porcupine Animals - [Picture Click] Quiz Stats

 Plays Quiz not verified by Sporcle

Score 0/9 Timer 03:00
0 Plays Today
% Correct
Porcupine Crab
96.6%
Porcupine Ray
95.4%
Porcupine Caribou
93.3%
Longspined Porcupinefish
85.8%
Crested Porcupine
80.2%
African Bush-Tailed Porcupine
64.2%
Canadian Porcupine
62.3%
Brazilian Porcupine
61.9%
Philippine Porcupine
60.3%

You're not logged in!

Compare scores with friends on all Sporcle quizzes.
OR
Log In

Show Comments

Extras

Top Quizzes Today


Score Distribution

Your Account Isn't Verified!

In order to create a playlist on Sporcle, you need to verify the email address you used during registration. Go to your Sporcle Settings to finish the process.

Report this User

Report this user for behavior that violates our Community Guidelines.

Details: